LEADER 00856nam0-22002891i-450 001 990001784280403321 005 20190731142738.0 035 $a000178428 035 $aFED01000178428 035 $a(Aleph)000178428FED01 035 $a000178428 100 $a20021010d1992----km-y0itay50------ba 101 0 $ager 200 1 $aAuf den Spuren der Antigone$edie Gestalt de Antigone in der deutschen Literature des zwanzigsten jahrhunderts$fHannes Koch 210 $aTrieste$cUniversità degli Studi$d1992 215 $a189 p.$d20 cm 610 0 $aLetteratura tedesca 676 $a830 700 1$aKoch,$bHannes$077878 801 0$aIT$bUNINA$gRICA$2UNIMARC 901 $aBK 912 $a990001784280403321 952 $a60 830 KOCH 1992$b4651$fFAGBC 959 $aFAGBC 996 $aAuf den spuren der Antigone$9210277 997 $aUNINA DB $aING01 LEADER 00924nam a22002651i 4500 001 991000400809707536 005 20031220140015.0 008 040204s1987 it |||||||||||||||||ita 035 $ab12610410-39ule_inst 035 $aARCHE-061761$9ExL 040 $aDip. SSC$bita$cA.t.i. Arché s.c.r.l. Pandora Sicilia s.r.l. 082 04$a832.8 100 1 $aSchnitzler, Arthur$0320902 245 10$aAmoretto /$cArthur Schnitzler ; a cura di Paolo Chiarini 260 $aTorino :$bEinaudi,$c[1987] 300 $aVIII, 58 p. ;$c18 cm 440 0$aCollezione di teatro ;$v290 650 4$aTeatro 700 1 $aChiarini, Paolo 907 $a.b12610410$b02-04-14$c12-02-04 912 $a991000400809707536 945 $aLE021 LETTDRAM13C10$g1$i2021000199400$lle021$o-$pE0.00$q-$rl$s- $t0$u1$v0$w1$x0$y.i13092388$z12-02-04 996 $aAmoretto$9278355 997 $aUNISALENTO 998 $ale021$b12-02-04$cm$da $e-$fita$git $h0$i1